000 00302nam a22001457a 4500
008 211014b ||||| |||| 00| 0 eng d
020 _a9780321947345
041 _aeng
080 _22nd
_a510
082 _a510
100 _a36
101 _aMAT
245 _aCalculus
_cBriggs,W
942 _2udc
_cBK
999 _c58228
_d58228